000 01957cam a22003374a 4500
999 _c34924
_d34924
001 16027827
003 OSt
005 20200131105746.0
008 091218s2010 cau b 001 0 eng c
010 _a 2009053222
020 _a9780804770477 (cloth : alk. paper)
020 _a9780804770484 (pbk. : alk. paper)
040 _aCSt/DLC
_coclc
_dDLC
042 _apcc
043 _an-us---
050 0 0 _aLC212.42
_b.G57 2010
082 0 0 _a378.73089
_222
_bGIR/B
100 _aGiroux, Susan Searls
_d1968-
_91690
245 1 0 _aBetween Race and Reason :
_bViolence, intellectual responsibility, and the university to come /
_cSusan Searls Giroux
260 _aStanford, Calif. :
_bStanford University Press,
_cc2010.
300 _axii, 283 p. ;
_c24 cm.
504 _aIncludes bibliographical references (p. [263]-273) and index.
505 0 _aIntroduction : the university to come -- section I: Challenging three decades of colorblind racism. Notes on the afterlife of dreams : on the persistence of racism in post-civil rights America -- Playing in the dark : racial repression and the campus crusade for diversity -- The age of unreason : race and the drama of American anti-intellectualism -- section II: Theorizing race, state, and violence: the pedagogical imperative. Generation kill : Nietzschean meditations on the university, youth, war and guns -- Critique of racial violence : the theologico-political and educational commitment of Lewis R. Gordon -- Beyond the blindspot of race : Duboisian visions of America reconstructed.
650 0 _aRacism in higher education
_zUnited States.
650 0 _aEducation, Higher
_xPolitical aspects
_zUnited States.
650 0 _aRacism
_zUnited States.
651 0 _aUnited States
_xRace relations.
906 _a7
_bcbc
_corignew
_d1
_eecip
_f20
_gy-gencatlg
942 _2ddc
_cBK
_h378.73089
_iGIR/B
_k378.73089
_mGIR/B